Sports Quiz

Random Sports Quiz
Score 0/46 Timer 08:00
0 Plays Today
Year Loser % Correct
Super Bowl XLVI: 2012New England
96.7%
Super Bowl XLV: 2011Pittsburgh
95.9%
Super Bowl XLII: 2008New England
95.9%
Super Bowl XLIV: 2010Indianapolis
93.5%
Super Bowl XLI: 2007Chicago
92.7%
Super Bowl XXXVI: 2002St. Louis
91.9%
Super Bowl XXVIII: 1994Buffalo
91.9%
Super Bowl XXVII: 1993Buffalo
91.9%
Super Bowl XXVI: 1992Buffalo
91.9%
Super Bowl XXV: 1991Buffalo
91.9%
Super Bowl XLIII: 2009Arizona
91.1%
Super Bowl XXXVII: 2003Oakland Raiders
91.1%
Super Bowl XXXIV: 2000Tennessee
91.1%
Super Bowl XXXII: 1998Green Bay
91.1%
Super Bowl XL: 2006Seattle
89.4%
Super Bowl XXXVIII: 2004Carolina Panthers
89.4%
Super Bowl XXXV: 2001New York Giants
89.4%
Super Bowl XXXIX: 2005Philadelphia
88.6%
Super Bowl XXXI: 1997New England
87%
Super Bowl XXXIII: 1999Atlanta
86.2%
Super Bowl XX: 1986New England
84.6%
Super Bowl XXIV: 1990Denver
82.1%
Super Bowl III: 1969Baltimore
82.1%
Year Loser % Correct
Super Bowl XXX: 1996Pittsburgh
81.3%
Super Bowl XXIX: 1995San Diego
81.3%
Super Bowl XXIII: 1989Cincinnati
81.3%
Super Bowl I: 1967Kansas City
79.7%
Super Bowl XXII: 1988Denver
78%
Super Bowl XIX: 1985Miami
77.2%
Super Bowl XXI: 1987Denver
76.4%
Super Bowl XVIII: 1984Washington
75.6%
Super Bowl XVI: 1982Cincinnati
74%
Super Bowl X: 1976Dallas
72.4%
Super Bowl XIII: 1979Dallas
71.5%
Super Bowl IX: 1975Minnesota
71.5%
Super Bowl XVII: 1983Miami
70.7%
Super Bowl IV: 1970Minnesota
70.7%
Super Bowl VIII: 1974Minnesota
69.9%
Super Bowl XV: 1981Philadelphia
68.3%
Super Bowl XI: 1977Minnesota
66.7%
Super Bowl II: 1968Oakland
66.7%
Super Bowl XIV: 1980Los Angeles
64.2%
Super Bowl VII: 1973Washington
64.2%
Super Bowl V: 1971Dallas
64.2%
Super Bowl VI: 1972Miami
61.8%
Super Bowl XII: 1978Denver
60.2%

You're not logged in!

Compare scores with friends on all Sporcle quizzes.
OR
Log In

Sporcle TV

Today on Sporcle TV


Watch our educational content, quiz creation guides, and fun videos on Sporcle TV.

Show Comments

Extras

Top Quizzes Today


Score Distribution

Paid Content

Your Account Isn't Verified!

In order to create a playlist on Sporcle, you need to verify the email address you used during registration. Go to your Sporcle Settings to finish the process.

Report this User

Report this user for behavior that violates our Community Guidelines.

Details: